|
|
|
|
| LEADER |
00000naa2a2200000 4500 |
| 001 |
193685 |
| 005 |
20231031182023.0 |
| 035 |
|
|
|a (RuTPU)RU\TPU\book\211232
|
| 090 |
|
|
|a 193685
|
| 100 |
|
|
|a 20110325d2010 k y0rusy50 ca
|
| 101 |
0 |
|
|a rus
|
| 102 |
|
|
|a RU
|
| 200 |
1 |
|
|a Культурная революция в СССР и КНР: сравнительный анализ
|f О. С. Дмитриева
|
| 320 |
|
|
|a Библиогр.: 3 назв.
|
| 463 |
|
0 |
|0 (RuTPU)RU\TPU\book\205127
|y 978-5-98298-643-6
|t Актуальные проблемы гуманитарных наук
|o сборник трудов IX Международной научно-практической конференции студентов, аспирантов и молодых ученых, 22-23 апреля 2010 г., Томск
|f Национальный исследовательский Томский политехнический университет (ТПУ)
|v С. 318-321
|d 2010
|p 564 с.
|
| 610 |
1 |
|
|a Китай
|
| 610 |
1 |
|
|a КНР
|
| 610 |
1 |
|
|a СССР
|
| 610 |
1 |
|
|a культурная революция
|
| 610 |
1 |
|
|a сравнительный анализ
|
| 610 |
1 |
|
|a труды учёных ТПУ
|
| 700 |
|
1 |
|a Дмитриева
|b О. С.
|
| 801 |
|
1 |
|a RU
|b 63413507
|c 20110325
|
| 942 |
|
|
|c BK
|